Instrumentos solidarios en tiempos de crisis

Bibliographic Details
Other Authors: Parra Rodrg̕uez, Carmen (Conductor), Ruiz-Viąls, Carme, 1967- (Conductor)
Format: Book
Language:Spanish
English
Published: Barcelona : Bosch, 2012
Subjects:
Online Access:Acceso restringido

MARC

LEADER 00000nam a2200000 a 4500
005 20120925171012.0
007 cr|||| ||||
008 120917s2012 spc|||| |||| 0|0 0 spa|
017 |a DL B. 21457-2012  |b Biblioteca de Catalunya 
020 |a 9788476986424 
035 |a 6687 
040 |a ES-BaBC  |b cat  |c ES-BaBC  |d vLex 
041 1 |a spa  |a eng 
090 |c 3470  |d 3470 
245 0 0 |a Instrumentos solidarios en tiempos de crisis  |h [Recurso electrn̤ico] /  |c Carmen Parra, Carmen Ruiz (directoras) 
256 |a Servicio en ln̕ea 
260 |a Barcelona :  |b Bosch,  |c 2012 
300 |a 1 recurso electrn̤ico 
504 |a Bibliografa̕ 
506 1 |a Contenido solo disponible en los productos indicados  |d vLex Global   |d vLex Global (Academic Edition, excluding Law Schools)   |d vLex Global (U.S. Academic Edition, Law Schools)   |d vLex Global (U.S. Academic Edition, excluding Law Schools)   |d vLex Global (Academic Edition, Law Schools)  
546 |a Textos en castellano y en catalǹ 
650 0 4 |a Economa̕ social 
650 0 4 |a Finanzas  |x Aspectos ťicos y morales 
700 1 |a Parra Rodrg̕uez, Carmen,  |e dir. 
700 1 |a Ruiz-Viąls, Carme,  |d 1967-  |e dir. 
740 0 |a vLex Libros (Servicio en ln̕ea) 
856 4 0 |u http://vlex.com/source/instrumentos-solidarios-tiempos-crisis-6687  |z Acceso restringido 
942 |c BOOK 
999 0 |a Finance